000 01199nam a22003497a 4500
003 CHAP
005 20250322162305.0
008 971013s1989 r 00010 d
010 _a608
011 _a1580
035 _a756
040 _cCHAP
082 _a636.4
_bB4 1989
100 1 0 _aBerlijn, Johan D.
_911826
245 _aPorcinos
250 _a2 ed.
260 _aMéxico, D. F. :
_bTrillas,
_c1989
300 _a110 p.
_b: ilus.
490 _aManuales para educación agropecuaria. Producción animal
_v; 5
500 _a37-82
590 _aBATCH-UPD
_b10
_c20130110
_lUCH01
_h1950
590 _aBATCH-UPD
_b10
_c20130410
_lUCH01
_h1312
590 _aBATCH-UPD
_b10
_c20130914
_lUCH01
_h0607
590 _aCONVERSION
_b10
_c20130109
_lUCH01
_h1302
650 1 4 _aGanado porcino.
_945328
830 0 _aManuales para educación agropecuaria. Área producción animal (Trillas)
_v; 5
_970694
901 _aBK
942 _cLIBRO
949 _a636.4 B4 1989
_bBC
_cLIBRO
_d-10215
_eLIBRO
_gI. c/e
_h77409
_i756
_si
_t6.00
949 _a636.4 B4 1989
_bBC
_cLIBRO
_d33724000873832
_eLIBRO
_fc.3
_gDonaciØn
_i756
_si
949 _a636.4 B4 1989
_bBC
_cLIBRO
_d33724002061769
_eLIBRO
_fc.2
_gI. c/e
_h77410
_i756
_si
_t6.00
999 _c608
_d608